| 000 | 00963cam a2200277 a 4500 | ||
|---|---|---|---|
| 001 | 000019549 | ||
| 003 | UkOxU | ||
| 005 | 20200929170044.0 | ||
| 008 | 880808s1965 sp 000 f spa d | ||
| 040 |
_aDO-SdBNP _bspa _cDLC _dBNPHU |
||
| 082 |
_a864.6 _bU54M, 1965 |
||
| 100 | 1 |
_aMarías, Julián, _d1914-2005 _98842 |
|
| 245 | 1 | 0 |
_aMiguel de Unamuno / _cJulián Marías. |
| 250 | _a4a ed. | ||
| 260 |
_aMadrid, (España) : _bEditorial Espasa-Calpe, _c1965. |
||
| 300 |
_a220, [18] p. ; _c18 cm. |
||
| 490 | 1 |
_aAustral. Azul: novelas y cuentos en general _v991 |
|
| 500 | _aIncluye índices de autores | ||
| 650 | 4 |
_aEnsayos españoles _93095 |
|
| 650 | 4 |
_aLiteratura española _9632 |
|
| 650 | 4 |
_aCrítica literaria _zEspaña _941960 |
|
| 600 | 1 | 4 |
_aUNAMUNO, MIGUEL DE, _d1864-1936 _xCRÍTICA E INTERPRETACIÓN _914119 |
| 830 | 0 |
_aAustral. _pAustral: Azul novelas y cuentos en general; _v991 _941961 |
|
| 910 | _aCatalogación derivada /OXFORD | ||
| 049 | _aBNGR | ||
| 999 |
_c19065 _d19065 |
||